| 000 | 00730nas a2200277 4500 | ||
|---|---|---|---|
| 001 | BR8601126 | ||
| 003 | BR-BrBNA | ||
| 005 | 20231205090349.0 | ||
| 007 | ta | ||
| 008 | 230509b bl.|||p| |||| 00| 00por d | ||
| 040 |
_aBR-BrBNA _bpor _cBiblioteca Nacional de Agricultura |
||
| 041 | _a(Pt) | ||
| 072 | _aJ10 | ||
| 100 | 1 | _aPugatch, V.N. | |
| 245 | 1 | _aReaja, ou o rato roi sua renda | |
| 650 | _aRATICIDA | ||
| 650 | _aRATO | ||
| 650 | _aARMAZENAMENTO | ||
| 650 | _aPRODUTO ARMAZENADO | ||
| 650 | _aISCA | ||
| 650 | _aARMADILHA | ||
| 650 | _aREPELENTE | ||
| 773 | 0 |
_tGranja (Brazil) _xISSN 0367-505X _g(Jan 1986), v. 42(456) p. 46-49 _wBR8601126 |
|
| 909 |
_a202311 _bLúcia _c55 _dLúcia Elande |
||
| 942 |
_2AGRIS _n0 _cANA |
||
| 999 |
_c117894 _d117894 |
||